Wide Bandgap Semiconductors /
Gespeichert in:
| Weitere Verfasser: | , , |
|---|---|
| Format: | Buch |
| Sprache: | Englisch |
| Veröffentlicht: |
Berlin :
Springer Verlag London,
2007
|
| Schlagworte: | |
| Tags: |
Keine Tags, Fügen Sie das erste Tag hinzu!
|
MARC
| LEADER | 00000nam a22000003a 4500 | ||
|---|---|---|---|
| 001 | stu175558 | ||
| 005 | 20190206105036.1 | ||
| 008 | 081107s1988----gw------------------eng-d | ||
| 020 | |a 978-3-540-47234-6 | ||
| 040 | |a STU |b slo | ||
| 041 | 0 | |a eng | |
| 044 | |a gw | ||
| 080 | |a 621.315.5 | ||
| 100 | 1 | |a Takahashi, Kiyoshi |4 edt | |
| 245 | 1 | |a Wide Bandgap Semiconductors / |c Ed.: Takahashi, K. et al. | |
| 260 | |a Berlin : |b Springer Verlag London, |c 2007 | ||
| 300 | |a 460 s | ||
| 650 | 7 | |a polovodiče |2 stusub | |
| 700 | 1 | |a Yoshikawa, Akihiko |4 edt | |
| 700 | 1 | |a Sandhu, Adarsh |4 edt | |
| 996 | |b 284EK87713 |c E*87713 |l EE10 |s P |a 0 |w stu175558_0001 | ||